000 00485nam a2200181Ia 4500
001 4237
005 20260306145741.0
008 260306t1997||||xx |||||||||||||| ||spa||
041 _aESP
082 _a320.09
_bCH547
100 _aChevallier, Jean Jacques, 1900-1983
_eAUT
245 0 _aLas grandes obras políticas:
_bdesde Maquiavelo hasta nuestros días
260 _c1997
300 _axv, 391 páginas :
_c23 cm.
650 _aGEN
654 _aCDE
942 _cLIB
_dJUS
_fJUS
_2ddc
_n
999 _c4237
_d4237